[Event "South America-ch U20"]
[Site "Asuncion"]
[Date "2019.05.16"]
[Round "8"]
[White "Gimenez Aguirre, Ismael Alejo"]
[Black "Heinechen, Juan"]
[Result "1-0"]
[WhiteElo "2247"]
[BlackElo "2123"]
[PlyCount "77"]
[EventDate "2019.05.11"]
[EventType "swiss"]
[EventRounds "9"]
[EventCountry "PAR"]
[SourceTitle "CBM 190 Extra"]
[Source "ChessBase"]
[SourceDate "2019.07.15"]
[SourceVersion "1"]
[SourceVersionDate "2019.07.15"]
[SourceQuality "1"]

1. e4 c5 2. Nf3 g6 3. d4 cxd4 4. Nxd4 Nc6 5. c4 Nf6 6. Nc3 d6 7. Be2 Nxd4 8. Qxd4 Bg7 9. f3 0-0 10. Bg5 Be6 11. Qd2 a5 12. Rc1 Nd7 13. h4 h5 14. Nb5 Nc5 15. 0-0 Re8 16. b3 Qb6 17. Be3 Bd7 18. Nc3 Bc6 19. Nd5 Bxd5 20. cxd5 Rec8 21. Rc2 Be5 22. g4 Bf4 23. Rfc1 Bxe3+ 24. Qxe3 hxg4 25. fxg4 a4 26. Bc4 Nd7 27. Qxb6 Nxb6 28. b4 a3 29. Bb5 Kg7 30. Rxc8 Rxc8 31. Rxc8 Nxc8 32. g5 Nb6 33. Kf2 f5 34. Ke3 fxe4 35. Kxe4 Kf7 36. Kd4 e5+ 37. dxe6+ Kxe6 38. Bd3 Kf7 39. Be4 1-0